000 00491nam a2200193 a 4500
005 20240413063708.0
008 991125n 000 0 spa u
035 _aUPN01000083199
100 1 _aSierra, Justo,
_d1848-1912
_928551
222 _aEL MAESTRO
245 _aLa instrucción obligatoria
260 _aMéxico
300 _a225-234
362 0 _a1970 No. 22, jul.
653 0 _aEDUCACION PRIMARIA
653 0 _aEDUCACION PUBLICA
904 _aAC
_b021010
905 _aArticulo
999 _c70570
_d70570